| 000 | 00941 a2200241 4500 | ||
|---|---|---|---|
| 001 | 48114 | ||
| 005 | 20260407155747.0 | ||
| 008 | 260407a2008 arg spa d | ||
| 003 | AR-UNSa-BCEJYS | ||
| 040 |
_aAR-UNSa-BCEJYS _bspa _cAR-UNSa-BCEJYS |
||
| 080 |
_a101.1 _xNaturaleza de la filosofía. La filosofía como ciencia. La filosofía como arte (pensamiento filosófico) |
||
| 245 | 1 | 0 |
_aCiencia incierta _pla producción social del conocimiento |
| 020 | _a978-950-786-462-9 | ||
| 250 | _a3a ed. | ||
| 264 | 1 |
_aBuenos Aires : _bBiblos _c2008 |
|
| 300 |
_a142 p. _c22 cm. |
||
| 505 | _a1. ¿Ciencia y ética? - 2. La garantía de verdad - 3. La garantía de utilidad - 4. Otra historia - 5. Un lugar para la ética. | ||
| 041 | _aspa | ||
| 942 | _cBK | ||
| 590 | _aniveau_biblio:m niveau_hierar:0 | ||
| 100 | 1 | _aHeler, Mario | |
| 856 | 4 | 1 |
_uhttps://www.biblioeco.unsa.edu.ar/pmb/images/libros/L127858.jpg _yImagen de portada _qimage/jpeg |
| 999 |
_c4553 _d4553 |
||